Nakladanie s vyradenými akumulátormi a batériami

Bibliographic Details
Main Author: Chmielewská, Eva, 1954- (Author)
Format: Article
Language:Slovak
PhysicalDescription:Obr., sch.
ISBN:9788089284276
Subjects:

MARC

LEADER 00000nab a2200000 ar4500
001 vtls010029025
003 SK-MaSNL
005 20260303045717.0
008 091207|2009 xo |||||||||||100 b|slo
015 |a SNBRA2009/12  |2 snkbucl 
038 |a SNKBUCL 
040 |a SNKBUCL  |b slo  |c SNKBUCL  |e AACR2 
041 0 |a slo  |b eng  |b slo 
044 |a xo  |c SK 
080 |a 628.477.6.045:621.35  |2 2001 
080 |a 621.35  |2 2001 
100 1 |a Chmielewská, Eva,  |d 1954-  |4 aut  |9 12612 
245 1 0 |a Nakladanie s vyradenými akumulátormi a batériami  |c E. Chmielewská 
246 3 1 |a Separation and recycling of the used accumulators and batteries 
300 |b Obr., sch. 
504 |a Bibliogr. odkazy 
546 |a Res. angl., slov. 
650 0 7 |a batérie (elektrotechnika)  |2 SNKPH  |9 742320 
650 0 7 |a akumulátory  |2 snkbucl  |9 49750 
650 0 7 |a odpadové batérie  |2 snkbucl  |9 1036743 
650 0 7 |a odpadové akumulátory  |2 snkbucl  |9 1036768 
650 0 7 |a recyklácia odpadu  |2 SNKPH  |9 29450 
773 0 |t Recyklácia použitých prenosných batérií a akumulátorov  |d [Košice] : Equilibria, 2009  |g S. 69-76  |z 9788089284276 
852 |a SNK  |b KIS3GCP 
958 |a NB 
999 |c 1704749  |d 1706679